[Event "St Petersburg-ch Seniors"]
[Site "St Petersburg"]
[Date "2012.02.03"]
[Round "7"]
[White "Zhikharev, Valeriy"]
[Black "Melkonyan, Leonard"]
[Result "1/2-1/2"]
[WhiteElo "2165"]
[BlackElo "2218"]
[PlyCount "39"]
[EventDate "2012.01.27"]
[EventType "swiss"]
[EventRounds "9"]
[EventCountry "RUS"]
[SourceTitle "EXT 2013"]
[Source "ChessBase"]
[SourceDate "2012.11.22"]
[SourceVersion "1"]
[SourceVersionDate "2012.11.22"]
[SourceQuality "1"]

1. e4 e5 2. Nf3 Nf6 3. d4 Nxe4 4. dxe5 d5 5. exd6 Nxd6 6. Nc3 Be7 7. Bd3 Nc6 8. 0-0 0-0 9. Nd5 Be6 10. Nxe7+ Qxe7 11. Re1 Qf6 12. c3 h6 13. Be3 Rad8 14. Qc2 Bf5 15. Bxf5 Qxf5 16. Qxf5 Nxf5 17. Bc5 Rfe8 18. Rxe8+ Rxe8 19. Re1 Rxe1+ 20. Nxe1 1/2-1/2

[Event "St Petersburg-ch Seniors"]
[Site "St Petersburg"]
[Date "2012.02.02"]
[Round "6"]
[White "Melkonyan, Leonard"]
[Black "Chembaev, Evgeny"]
[Result "1/2-1/2"]
[WhiteElo "2218"]
[BlackElo "2169"]
[PlyCount "78"]
[EventDate "2012.01.27"]
[EventType "swiss"]
[EventRounds "9"]
[EventCountry "RUS"]
[SourceTitle "EXT 2013"]
[Source "ChessBase"]
[SourceDate "2012.11.22"]
[SourceVersion "1"]
[SourceVersionDate "2012.11.22"]
[SourceQuality "1"]

1. d4 a6 2. g3 Nf6 3. Bg2 d5 4. Nf3 e6 5. 0-0 c5 6. c4 dxc4 7. Qc2 cxd4 8. Qxc4 Be7 9. Bf4 Nc6 10. Rd1 Qb6 11. Nxd4 Nxd4 12. Qxd4 Bc5 13. Qd2 Bxf2+ 14. Kh1 Bc5 15. Nc3 Bd7 16. Be5 Bc6 17. Bxf6 gxf6 18. Ne4 Be7 19. Nd6+ Bxd6 20. Qxd6 Bxg2+ 21. Kxg2 Qxd6 22. Rxd6 Rd8 23. Rb6 Rd7 24. Rc1 Kd8 25. Rc4 f5 26. Kf3 h5 27. a4 Rc7 28. Rh4 Kc8 29. Ke3 Rc6 30. Rxc6+ bxc6 31. h3 Kd7 32. g4 fxg4 33. hxg4 Ke7 34. gxh5 Rh6 35. Kd4 Kd6 36. e4 e5+ 37. Kc4 c5 38. a5 Kc6 39. Rh1 Kd6 1/2-1/2

[Event "St Petersburg-ch Seniors"]
[Site "St Petersburg"]
[Date "2012.01.31"]
[Round "4"]
[White "Makovetsky, Boris"]
[Black "Melkonyan, Leonard"]
[Result "0-1"]
[WhiteElo "2166"]
[BlackElo "2218"]
[PlyCount "54"]
[EventDate "2012.01.27"]
[EventType "swiss"]
[EventRounds "9"]
[EventCountry "RUS"]
[SourceTitle "EXT 2013"]
[Source "ChessBase"]
[SourceDate "2012.11.22"]
[SourceVersion "1"]
[SourceVersionDate "2012.11.22"]
[SourceQuality "1"]

1. e4 c6 2. d4 d5 3. e5 c5 4. c3 Nc6 5. Nf3 Bg4 6. Be3 e6 7. dxc5 Bxf3 8. gxf3 Nxe5 9. f4 Nc6 10. b4 Nf6 11. Nd2 Be7 12. Bb5 0-0 13. Bxc6 bxc6 14. Nb3 Ne4 15. Rc1 Bf6 16. Qd3 e5 17. 0-0 Re8 18. fxe5 Bxe5 19. f3 Bxh2+ 20. Kg2 Qh4 21. fxe4 Qg3+ 22. Kh1 Qh3 23. Rf2 Bf4+ 24. Kg1 Bxe3 25. Qf1 Qg3+ 26. Qg2 Bxf2+ 27. Kf1 Rxe4 0-1

[Event "St Petersburg-ch Seniors"]
[Site "St Petersburg"]
[Date "2012.01.30"]
[Round "3"]
[White "Melkonyan, Leonard"]
[Black "Pankina, Larisa"]
[Result "1-0"]
[WhiteElo "2218"]
[BlackElo "1972"]
[PlyCount "72"]
[EventDate "2012.01.27"]
[EventType "swiss"]
[EventRounds "9"]
[EventCountry "RUS"]
[SourceTitle "EXT 2013"]
[Source "ChessBase"]
[SourceDate "2012.11.22"]
[SourceVersion "1"]
[SourceVersionDate "2012.11.22"]
[SourceQuality "1"]

1. e4 d6 2. d4 g6 3. c4 Nf6 4. Nc3 Bg7 5. f3 0-0 6. Be3 Nbd7 7. Nh3 c5 8. Qd2 cxd4 9. Bxd4 b6 10. Be2 Nc5 11. Nf2 Bd7 12. 0-0 Rc8 13. Rac1 Qc7 14. b4 Nb7 15. Nd5 Nxd5 16. cxd5 Qb8 17. Bxg7 Kxg7 18. f4 e5 19. dxe6 fxe6 20. Qd4+ Kf7 21. Ng4 Ke7 22. Rcd1 Nd8 23. Qg7+ Rf7 24. Qh6 Qc7 25. Ba6 Ra8 26. Rc1 Qb8 27. b5 Nb7 28. Qh4+ Kf8 29. Nh6 Nc5 30. Nxf7 Kxf7 31. Qxh7+ Ke8 32. Qxg6+ Ke7 33. Qg7+ Ke8 34. f5 Kd8 35. fxe6 Nxe6 36. Qg8+ Be8 1-0

[Event "Pskov-ch"]
[Site "Pskov"]
[Date "2010.01.09"]
[Round "8.3"]
[White "Suleymanyants, Odisey"]
[Black "Melkonyan, Leonard"]
[Result "0-1"]
[WhiteElo "2308"]
[BlackElo "2254"]
[PlyCount "130"]
[EventDate "2010.01.03"]
[EventType "tourn"]
[EventRounds "8"]
[EventCountry "RUS"]
[SourceTitle "EXT 2022"]
[Source "ChessBase"]
[SourceDate "2021.10.06"]
[SourceVersion "1"]
[SourceVersionDate "2021.10.06"]
[SourceQuality "1"]

1. d4 Nf6 2. c4 c5 3. e3 g6 4. Nc3 Bg7 5. Nf3 0-0 6. Be2 b6 7. 0-0 d6 8. Ng5 Bb7 9. Bf3 Qc8 10. Re1 Bxf3 11. Qxf3 Nc6 12. d5 Ne5 13. Qe2 Qg4 14. Qxg4 Nfxg4 15. h3 Nh6 16. e4 Nxc4 17. Re2 Bxc3 18. bxc3 Kg7 19. e5 dxe5 20. Re4 b5 21. a4 a6 22. Rh4 Nf5 23. Rxh7+ Kg8 24. g4 Ng7 25. Rh4 b4 26. Ne4 b3 27. d6 Nxd6 28. Nxc5 Rfc8 29. Nxb3 Rxc3 30. Nd2 g5 31. Rh6 f6 32. h4 Nf7 33. hxg5 Nxh6 34. gxh6 Ne6 35. Nf1 Rac8 36. Bd2 R3c4 37. Ne3 Rd4 38. Be1 Kf7 39. a5 Rh8 40. Rb1 Ra4 41. Rb7 Rxh6 42. Bb4 Nf4 43. Rxe7+ Kg6 44. Nc2 Rh7 45. Rxh7 Kxh7 46. Kf1 Nd3 47. Bd2 Rxg4 48. Ke2 Nc5 49. Nb4 Kg6 50. Nd5 Ra4 51. Nc7 Kf5 52. Nd5 Ke6 53. Nb6 Ra2 54. Ke3 Nb3 55. Be1 Nxa5 56. Kd3 Nc6 57. Nc4 f5 58. f3 a5 59. Bd2 Ra1 60. Bc3 Ra4 61. Nd2 Nb4+ 62. Ke2 Nd5 63. Bb2 Ra2 64. Bc1 Nb4 65. Ke3 Rc2 0-1

[Event "Pskov-ch"]
[Site "Pskov"]
[Date "2010.01.08"]
[Round "7.1"]
[White "Melkonyan, Leonard"]
[Black "Vlassow, Valentin"]
[Result "0-1"]
[WhiteElo "2254"]
[BlackElo "2331"]
[PlyCount "67"]
[EventDate "2010.01.03"]
[EventType "tourn"]
[EventRounds "8"]
[EventCountry "RUS"]
[SourceTitle "EXT 2022"]
[Source "ChessBase"]
[SourceDate "2021.10.06"]
[SourceVersion "1"]
[SourceVersionDate "2021.10.06"]
[SourceQuality "1"]

1. c4 Nc6 2. Nf3 e5 3. Nc3 Nf6 4. g3 Bb4 5. Bg2 0-0 6. 0-0 Bxc3 7. bxc3 e4 8. Ne1 d6 9. Nc2 Be6 10. Ne3 Qd7 11. Qc2 Rae8 12. Re1 Ne5 13. d3 exd3 14. exd3 c6 15. Ba3 Re7 16. f4 Neg4 17. Nf1 h5 18. Qa4 a6 19. Qa5 Rfe8 20. Bf3 g6 21. Qb4 c5 22. Qb6 Bf5 23. Rxe7 Rxe7 24. Rd1 Ne3 25. Nxe3 Rxe3 26. Qxb7 Qe6 27. Bc1 Rxd3 28. Rf1 h4 29. Qxa6 hxg3 30. hxg3 Bh3 31. Qa8+ Kg7 32. f5 gxf5 33. Bh6+ Kxh6 34. Qf8+ 0-1

[Event "Northwest-ch Seniors"]
[Site "Petrozavodsk"]
[Date "2008.01.27"]
[Round "7"]
[White "Stebunov, Alexander A"]
[Black "Melkonyan, Leonard"]
[Result "0-1"]
[WhiteElo "2022"]
[BlackElo "2260"]
[PlyCount "72"]
[EventDate "2008.01.21"]
[EventType "swiss"]
[EventRounds "9"]
[EventCountry "RUS"]
[SourceTitle "EXT 2010"]
[Source "ChessBase"]
[SourceDate "2010.11.25"]
[SourceVersion "1"]
[SourceVersionDate "2010.11.25"]
[SourceQuality "1"]

1. e4 c6 2. d3 d5 3. Nd2 Nf6 4. Ngf3 Bg4 5. h3 Bh5 6. g4 Bg6 7. Nh4 e6 8. Nxg6 hxg6 9. e5 Nfd7 10. d4 c5 11. c3 Nc6 12. Nf3 Qb6 13. Qb3 cxd4 14. Qxb6 axb6 15. cxd4 Nb4 16. Kd1 Nxa2 17. Rb1 Be7 18. Bd2 Nb4 19. Bxb4 Bxb4 20. Bb5 Ke7 21. Rc1 Rac8 22. Ke2 Nb8 23. h4 Nc6 24. h5 gxh5 25. gxh5 f6 26. Rcg1 Kf7 27. Rg6 Ne7 28. Rg2 Rc2+ 29. Kd3 Rxb2 30. Rhg1 Ra8 31. Rxg7+ Kf8 32. Ke3 Nf5+ 33. Kf4 Nxg7 34. h6 Nf5 35. Rg6 Rxf2 36. h7 Rxf3+ 0-1

[Event "Northwest-ch Seniors"]
[Site "Petrozavodsk"]
[Date "2008.01.26"]
[Round "6"]
[White "Melkonyan, Leonard"]
[Black "Karpov, Alexander"]
[Result "1-0"]
[WhiteElo "2260"]
[BlackElo "2325"]
[PlyCount "115"]
[EventDate "2008.01.21"]
[EventType "swiss"]
[EventRounds "9"]
[EventCountry "RUS"]
[SourceTitle "EXT 2010"]
[Source "ChessBase"]
[SourceDate "2010.11.25"]
[SourceVersion "1"]
[SourceVersionDate "2010.11.25"]
[SourceQuality "1"]

1. d4 d5 2. c4 c6 3. Nf3 Nf6 4. Qc2 g6 5. e3 Bg7 6. Nc3 0-0 7. b3 Nbd7 8. cxd5 cxd5 9. Bd3 Re8 10. Bb2 e5 11. dxe5 Nxe5 12. Nxe5 Rxe5 13. Ne2 Re8 14. 0-0 Bd7 15. Rad1 Rc8 16. Qb1 Qa5 17. Nf4 Bc6 18. Qa1 d4 19. Bxd4 Qg5 20. f3 Nh5 21. Nxh5 Bxd4 22. Qxd4 Qxh5 23. e4 Rcd8 24. Qxa7 Ra8 25. Qf2 Qa5 26. a4 b5 27. Qc5 Rec8 28. Bxb5 Bxe4 29. Qd4 Bf5 30. Bc4 Rd8 31. Qf6 Qc7 32. Rfe1 Rxd1 33. Rxd1 Re8 34. a5 Bc2 35. Rc1 Qa7+ 36. Kf1 Bf5 37. Qb6 Qxb6 38. axb6 Rb8 39. Ke2 Rxb6 40. Kd2 h5 41. Kc3 Be6 42. Re1 Rc6 43. Re4 Kf8 44. b4 Ke7 45. b5 Rc7 46. Kb4 Kd6 47. Bxe6 fxe6 48. Rd4+ Ke5 49. Rd2 g5 50. b6 Rc1 51. Rd3 Rb1+ 52. Rb3 Rxb3+ 53. Kxb3 Kd6 54. Kb4 Kc6 55. Ka5 Kb7 56. Kb5 e5 57. h3 g4 58. Kc5 1-0

[Event "Northwest-ch Seniors"]
[Site "Petrozavodsk"]
[Date "2008.01.23"]
[Round "3"]
[White "Mishuchkov, Nikolai Mikhailovic"]
[Black "Melkonyan, Leonard"]
[Result "1/2-1/2"]
[WhiteElo "2363"]
[BlackElo "2260"]
[PlyCount "53"]
[EventDate "2008.01.21"]
[EventType "swiss"]
[EventRounds "9"]
[EventCountry "RUS"]
[SourceTitle "EXT 2010"]
[Source "ChessBase"]
[SourceDate "2010.11.25"]
[SourceVersion "1"]
[SourceVersionDate "2010.11.25"]
[SourceQuality "1"]

1. Nf3 d5 2. d4 Nf6 3. c4 c6 4. Qc2 g6 5. e3 Bf5 6. Bd3 Bxd3 7. Qxd3 Bg7 8. Nc3 0-0 9. 0-0 dxc4 10. Qxc4 Nfd7 11. Rd1 Qa5 12. Qb3 Qb6 13. Qa3 e5 14. d5 a5 15. e4 Re8 16. dxc6 bxc6 17. Be3 Qb4 18. Qb3 Bf8 19. Na4 Qxb3 20. axb3 f6 21. Ne1 Kf7 22. Nb6 Nxb6 23. Bxb6 Ke6 24. Bxa5 Nd7 25. Nd3 Nc5 26. Nxc5+ Bxc5 27. Rdc1 1/2-1/2

[Event "RUS-ch Seniors"]
[Site "Tula"]
[Date "2004.05.13"]
[Round "4"]
[White "Ivanets, Vladimir"]
[Black "Melkonyan, Leonard"]
[Result "0-1"]
[WhiteElo "2258"]
[BlackElo "2337"]
[PlyCount "68"]
[EventDate "2004.05.??"]
[EventType "swiss"]
[EventRounds "9"]
[EventCountry "RUS"]
[SourceTitle "EXT 2005"]
[Source "ChessBase"]
[SourceDate "2004.11.15"]
[SourceVersion "1"]
[SourceVersionDate "2004.11.15"]
[SourceQuality "1"]

1. e4 e6 2. d3 d5 3. Qe2 Nf6 4. Bg5 Be7 5. Nd2 c5 6. f4 Nc6 7. c3 0-0 8. Bxf6 Bxf6 9. e5 Be7 10. Ngf3 b5 11. g3 c4 12. d4 b4 13. Bg2 bxc3 14. bxc3 Qa5 15. Qe3 Rb8 16. 0-0 Bd7 17. g4 Rb2 18. Kh1 Rc2 19. Rfc1 Rxc1+ 20. Rxc1 Qxa2 21. f5 exf5 22. Ne1 f4 23. Qxf4 Be6 24. Nef3 Qb2 25. Nf1 a5 26. Qd2 Qb5 27. Ne3 a4 28. Nf5 a3 29. Qc2 Rb8 30. Nxe7+ Nxe7 31. Ng5 Ng6 32. Rf1 Qb3 33. Qf2 Qb2 34. Qf3 a2 0-1

[Event "RUS-ch Seniors"]
[Site "Tula"]
[Date "2004.05.12"]
[Round "3"]
[White "Melkonyan, Leonard"]
[Black "Zhukov, Viktor Andreevich"]
[Result "1-0"]
[WhiteElo "2337"]
[BlackElo "2219"]
[PlyCount "47"]
[EventDate "2004.05.??"]
[EventType "swiss"]
[EventRounds "9"]
[EventCountry "RUS"]
[SourceTitle "EXT 2005"]
[Source "ChessBase"]
[SourceDate "2004.11.15"]
[SourceVersion "1"]
[SourceVersionDate "2004.11.15"]
[SourceQuality "1"]

1. d4 Nf6 2. c4 e6 3. Nc3 Bb4 4. e3 b6 5. Nge2 Bb7 6. a3 Be7 7. d5 a5 8. g3 b5 9. Nf4 bxc4 10. Bxc4 Na6 11. 0-0 Nc5 12. Re1 e5 13. Nh5 0-0 14. e4 Ba6 15. Nxf6+ Bxf6 16. Bxa6 Rxa6 17. Be3 Be7 18. Na4 Nxa4 19. Qxa4 c5 20. Rac1 Qc8 21. Qb5 d6 22. b4 axb4 23. axb4 Qa8 24. bxc5 1-0

[Event "Kaluga Tsiolkovsky Memorial op"]
[Site "Kaluga"]
[Date "2003.??.??"]
[Round "6"]
[White "Melkonyan, Leonard"]
[Black "Skorohodov, I."]
[Result "1-0"]
[WhiteElo "2334"]
[BlackElo "2299"]
[PlyCount "31"]
[EventDate "2003.??.??"]
[EventType "swiss"]
[EventRounds "9"]
[EventCountry "RUS"]
[SourceTitle "EXT 2005"]
[Source "ChessBase"]
[SourceDate "2004.11.15"]
[SourceVersion "1"]
[SourceVersionDate "2004.11.15"]
[SourceQuality "1"]

1. d4 Nf6 2. c4 c5 3. d5 e6 4. Nc3 exd5 5. cxd5 d6 6. Nf3 a6 7. a4 g6 8. Bg5 Bg7 9. e3 Bg4 10. Qb3 b6 11. Nd2 Qc7 12. Nc4 Ra7 13. Bf4 Bf8 14. Nxb6 Nbd7 15. a5 Ne5 16. Bxa6 1-0

[Event "Kaluga Tsiolkovsky Memorial op"]
[Site "Kaluga"]
[Date "2003.??.??"]
[Round "5"]
[White "Zhelnin, Vladimir V"]
[Black "Melkonyan, Leonard"]
[Result "1-0"]
[WhiteElo "2480"]
[BlackElo "2334"]
[PlyCount "37"]
[EventDate "2003.??.??"]
[EventType "swiss"]
[EventRounds "9"]
[EventCountry "RUS"]
[SourceTitle "EXT 2005"]
[Source "ChessBase"]
[SourceDate "2004.11.15"]
[SourceVersion "1"]
[SourceVersionDate "2004.11.15"]
[SourceQuality "1"]

1. e4 c6 2. Nc3 d5 3. Nf3 Bg4 4. h3 Bh5 5. exd5 cxd5 6. Bb5+ Nc6 7. g4 Bg6 8. Ne5 Rc8 9. h4 d4 10. h5 Bxc2 11. Qxc2 dxc3 12. Rh3 Qc7 13. Nxc6 bxc6 14. Rxc3 Qe5+ 15. Be2 Qe6 16. b4 g6 17. Bb2 f6 18. Re3 Qf7 19. Bc4 1-0

[Event "St Petersburg White Nights op1"]
[Site "St Petersburg"]
[Date "2002.??.??"]
[Round "6"]
[White "Melkonyan, Leonard"]
[Black "Iljin, Artem"]
[Result "0-1"]
[WhiteElo "2331"]
[BlackElo "2364"]
[PlyCount "84"]
[EventDate "2002.??.??"]
[EventType "swiss"]
[EventRounds "9"]
[EventCountry "RUS"]
[SourceTitle "EXT 2003"]
[Source "ChessBase"]
[SourceDate "2002.11.25"]
[SourceVersion "1"]
[SourceVersionDate "2002.11.25"]
[SourceQuality "1"]

1. d4 e6 2. e4 d5 3. e5 c5 4. c3 Qb6 5. Nf3 Nc6 6. Be2 Nh6 7. Bxh6 gxh6 8. Qd2 Bg7 9. 0-0 0-0 10. Na3 cxd4 11. cxd4 f6 12. exf6 Rxf6 13. Nc2 Bd7 14. b4 Raf8 15. b5 Ne7 16. Ne5 Be8 17. a4 Nf5 18. Qb4 Qc7 19. Rac1 Nxd4 20. Qxd4 Rf4 21. Qxa7 Bxe5 22. g3 Qg7 23. Kh1 R4f7 24. Rcd1 Qg6 25. Bd3 Qh5 26. f4 Bg7 27. Qe3 Qh3 28. Qf3 Rc7 29. Ne3 Rc3 30. Qg2 Qxg2+ 31. Kxg2 Ra3 32. f5 Bd7 33. fxe6 Bxe6 34. Nf5 Rxa4 35. Nxg7 Ra2+ 36. Kg1 Kxg7 37. Rxf8 Kxf8 38. Bxh7 Ke7 39. g4 Rb2 40. Re1 Kf6 41. Bf5 Bxf5 42. Rf1 Rb1 0-1

[Event "Voronezh op 5th"]
[Site "Voronezh"]
[Date "2001.06.14"]
[Round "3"]
[White "Zakharov, Alexander Jr"]
[Black "Melkonyan, Leonard"]
[Result "1-0"]
[WhiteElo "2305"]
[BlackElo "2368"]
[PlyCount "81"]
[EventDate "2001.06.12"]
[EventType "swiss"]
[EventRounds "9"]
[EventCountry "RUS"]
[SourceTitle "EXT 2002"]
[Source "ChessBase"]
[SourceDate "2001.11.25"]
[SourceVersion "1"]
[SourceVersionDate "2001.11.25"]
[SourceQuality "1"]

1. e4 c6 2. d4 d5 3. exd5 cxd5 4. c3 Nc6 5. Bf4 Nf6 6. Nf3 Qb6 7. Qb3 Bf5 8. Ne5 e6 9. Qxb6 axb6 10. Bb5 Bd6 11. Bg3 Bxe5 12. dxe5 Nd7 13. Nd2 0-0 14. f4 Nc5 15. Bf2 Na4 16. Bxa4 Rxa4 17. g3 Rfa8 18. a3 g5 19. Rg1 Bg6 20. h4 gxf4 21. gxf4 h5 22. Be3 d4 23. cxd4 Nxd4 24. b3 Nc2+ 25. Kf2 R4a6 26. Rac1 Nxe3 27. Kxe3 Rxa3 28. Rc7 Rd8 29. f5 exf5 30. e6 f4+ 31. Kxf4 Rxd2 32. exf7+ Kf8 33. Rxg6 Rf2+ 34. Kg5 Rxf7 35. Rxf7+ Kxf7 36. Rxb6 Ra7 37. Kxh5 Kg7 38. b4 Kh7 39. Kg5 Kg7 40. h5 Kh7 41. Rd6 1-0

[Event "Moscow-ch"]
[Site "Moscow"]
[Date "1996.??.??"]
[Round "1"]
[White "Chasovnikova, Eugenia"]
[Black "Melkonyan, Leonard"]
[Result "0-1"]
[WhiteElo "2125"]
[BlackElo "2380"]
[PlyCount "80"]
[EventDate "1996.08.??"]
[EventType "swiss"]
[EventRounds "11"]
[EventCountry "RUS"]
[SourceTitle "CBM 055 Extra"]
[Source "ChessBase"]
[SourceDate "1997.01.01"]
[SourceVersion "1"]
[SourceVersionDate "1997.01.01"]
[SourceQuality "1"]

1. d4 d5 2. c4 c6 3. Nf3 e6 4. Nc3 dxc4 5. a4 Bb4 6. e3 b5 7. Bd2 Qe7 8. axb5 Bxc3 9. Bxc3 cxb5 10. d5 Nf6 11. d6 Qb7 12. b3 Nbd7 13. bxc4 bxc4 14. Bxc4 Qc6 15. Qd4 0-0 16. 0-0 e5 17. Qh4 Ne4 18. Rac1 Nxc3 19. Rxc3 Qxd6 20. Rd3 Qg6 21. Bd5 Rb8 22. Be4 f5 23. Bd5+ Kh8 24. Rc3 Bb7 25. Bxb7 Rxb7 26. Ng5 Rfb8 27. Rc6 Nf6 28. g3 Rb4 29. e4 h6 30. f4 exf4 31. gxf4 Rxe4 32. Kh1 Re2 33. Rg1 Qh5 34. Qxh5 Nxh5 35. Nf7+ Kh7 36. Nxh6 Rbb2 37. Rg5 Rxh2+ 38. Kg1 Nxf4 39. Rg3 Rxh6 40. Re3 Rg2+ 0-1

[Event "Moscow-ch"]
[Site "Moscow"]
[Date "1996.??.??"]
[Round "2"]
[White "Melkonyan, Leonard"]
[Black "Ushakova, Natalia"]
[Result "1/2-1/2"]
[WhiteElo "2380"]
[BlackElo "2090"]
[PlyCount "119"]
[EventDate "1996.08.??"]
[EventType "swiss"]
[EventRounds "11"]
[EventCountry "RUS"]
[SourceTitle "CBM 055 Extra"]
[Source "ChessBase"]
[SourceDate "1997.01.01"]
[SourceVersion "1"]
[SourceVersionDate "1997.01.01"]
[SourceQuality "1"]

1. d4 d5 2. c4 e6 3. Nc3 c6 4. Nf3 Nf6 5. cxd5 exd5 6. Bg5 Be7 7. Qc2 0-0 8. e3 Bg4 9. Bd3 h6 10. Bf4 Nbd7 11. h3 Be6 12. g4 c5 13. 0-0-0 Rc8 14. g5 hxg5 15. Bxg5 Qa5 16. Kb1 cxd4 17. Nxd4 Bb4 18. Rc1 Ne4 19. Bxe4 dxe4 20. Nxe6 fxe6 21. Rhg1 Bxc3 22. bxc3 Nc5 23. Be7 Nd3 24. Bxf8 Rxf8 25. f4 Nxc1 26. Rxc1 Qb6+ 27. Qb3 Qxe3 28. Qxe6+ Kh8 29. Rd1 Qxf4 30. Re1 Qf3 31. Qxe4 Qxc3 32. Rc1 Qf3 33. Qb4 Rf4 34. Qb2 Qd3+ 35. Ka1 Rf1 36. h4 Rxc1+ 37. Qxc1 Qd4+ 38. Kb1 Qxh4 39. Qc8+ Kh7 40. Qxb7 Qe1+ 41. Kb2 Qf2+ 42. Ka3 Kh6 43. Qh1+ Kg5 44. Qd5+ Qf5 45. Qg2+ Kf6 46. Qb2+ Kg6 47. Qg2+ Kh7 48. Qh2+ Kg8 49. Ka4 Qd7+ 50. Ka5 g5 51. Qe5 g4 52. a4 Kf7 53. Qf4+ Kg6 54. Ka6 Qe6+ 55. Kxa7 Qf7+ 56. Qxf7+ Kxf7 57. a5 g3 58. a6 g2 59. Kb8 g1Q 60. a7 1/2-1/2

[Event "Moscow-ch"]
[Site "Moscow"]
[Date "1996.??.??"]
[Round "5"]
[White "Notkin, Maksim"]
[Black "Melkonyan, Leonard"]
[Result "1-0"]
[WhiteElo "2520"]
[BlackElo "2380"]
[PlyCount "77"]
[EventDate "1996.08.??"]
[EventType "swiss"]
[EventRounds "11"]
[EventCountry "RUS"]
[SourceTitle "CBM 055 Extra"]
[Source "ChessBase"]
[SourceDate "1997.01.01"]
[SourceVersion "1"]
[SourceVersionDate "1997.01.01"]
[SourceQuality "1"]

1. d4 Nf6 2. c4 c5 3. d5 e5 4. Nc3 d6 5. e4 Be7 6. g3 0-0 7. Bg2 a6 8. a4 Ne8 9. Nge2 Nd7 10. 0-0 Rb8 11. Rb1 b6 12. h3 Nc7 13. Qd3 Bf6 14. Be3 g6 15. f4 exf4 16. gxf4 Bg7 17. Ng3 Qh4 18. Rf3 b5 19. axb5 axb5 20. Nxb5 Nxb5 21. cxb5 Nf6 22. Bf2 Qh6 23. Qf1 Bd7 24. Be3 Bxb5 25. Qf2 Rfe8 26. f5 g5 27. Re1 Qh4 28. Bd2 Nd7 29. f6 Bf8 30. Rf5 h6 31. Qf3 Bc4 32. Bc3 Ne5 33. Qe3 Nd3 34. Ref1 Kh8 35. R5f2 Nxf2 36. Rxf2 Bxd5 37. Nf5 Qh5 38. Bf3 Qg6 39. Ne7 1-0